000 00567cam a2200205ua 4500
001 6685
008 140308n ii |||gr||||Z||||||eng
020 _a81-7040-804-0
040 _cMAIN
082 _a658.3
245 _aDynamics of industrial relations in India
_cBy C.B. Mamoria
250 _a4th ed.
260 _aBombay:
_bHimalaya publishing house,
_c1993.
300 _axix,765p.
653 _aGeneral management
653 _aDynamics of industrial relations in India
700 _aMamoria,C.B.,
_eAuthor.,
700 _aMamoria,S.,
_eAuthor.
942 _cBK
999 _c5834
_d5834